[Event "11th Mumbai Mayors Cup 2018"]
[Site "Mumbai"]
[Date "2018.06.06"]
[Round "5"]
[White "Viani Antonio Dcunha"]
[Black "Raahul V S"]
[Result "0-1"]
[WhiteElo "2424"]
[BlackElo "2233"]
[Annotator "TA"]
[PlyCount "104"]
[EventDate "2018.??.??"]
[EventType "swiss"]
[EventCountry "IND"]
[SourceTitle "playchess.com"]
[Source "ChessBase"]
[SourceQuality "1"]

{[%evp 15,104,25,43,24,29,-1,10,26,28,25,35,13,32,21,41,37,51,27,38,39,43,33,67,12,21,28,15,12,12,12,19,17,17,12,26,12,19,15,21,12,26,26,24,12,16,14,18,0,0,-15,-7,-30,-32,-137,-122,-156,-145,-325,-313,-341,-330,-375,-353,-394,-387,-467,-470,-507,-502,-495,-469,-650,-629,-770,-626,-618,-618,-1096,-980,-1139,-1062,-2495,-1365,-1288,-1104,-1074,-1096,-29972,-29973,-29971,-29971]} 1. e4 e5 2. Nf3 Nc6 3. Bc4 Nf6 4. d3 h6 5. O-O d6 6. c3 g6 7. d4 Qe7 8. dxe5 dxe5 {LiveBook: 5 Partien. C55: Zweispringerspiel} 9. Re1 Bg7 10. b3 Nh5 $146 {Die Stellung ist ausgeglichen.} ({Vorgänger:} 10... Be6 11. Ba3 Qd7 12. Qxd7+ Bxd7 13. Bd5 Nh7 14. Nbd2 Ng5 15. Nxg5 hxg5 16. Rad1 {½-½ (33) Janev,E (2488)-Milchev,N (2315) Sunny Beach 2007}) 11. Ba3 Qf6 12. g3 Bg4 13. Be2 Rd8 14. Nfd2 $1 {[%cal Bf3d2,Bd2c4,Bc4e3][%mdl 32]} Bxe2 15. Qxe2 Bf8 16. Nc4 (16. Bc1 {seems wilder.} Qe6 17. b4 Nf6 18. Nc4 Bg7 19. a4) 16... Bxa3 17. Nbxa3 O-O 18. Ne3 Qg5 19. h4 ({Besser ist} 19. Red1 $14) 19... Qe7 $1 $11 {[%cal Re7a3]} 20. Nac4 {Droht Sd5 und aus.} Nf6 21. Ng4 Nxg4 22. Qxg4 h5 23. Qe2 Qe6 24. Ne3 Ne7 25. Qb5 b6 $1 26. Rad1 Nc8 27. Qa4 Rd6 28. Rxd6 Nxd6 29. Qc6 Rc8 30. Rd1 Kf8 31. c4 {[%cal Bc3c4,Bc4c5][%mdl 32]} Qe8 $1 {[%cal Re8c6]} 32. Qd5 Rd8 33. c5 (33. b4 {keeps more tension.} c6 34. Qd3 Nb7 35. Qa3 Rxd1+ 36. Nxd1 Nd6 37. Qd3) 33... c6 $36 {[%mdl 2048] Schwarz hat Initiative.} 34. Qxd6+ ({Lieber} 34. Qd3 $1 $15 Nb7 35. Qc2) 34... Rxd6 $17 35. cxd6 $15 {[%mdl 4096] Endspiel KD-KTS} Qd7 36. b4 $2 {[#]} (36. Nc4 $17 f6 37. Kg2) 36... Ke8 $19 37. a4 f5 38. exf5 gxf5 39. a5 f4 40. gxf4 exf4 41. Ng2 Kd8 42. axb6 axb6 43. f3 Qg7 44. Rd3 c5 45. bxc5 bxc5 {[%cal Bb6c5,Bc5c4][%mdl 32]} 46. Kf1 c4 47. Rd5 Qg3 48. Ne1 Qxh4 49. Rc5 Qh3+ 50. Kf2 Qg3+ 51. Kf1 h4 {[%cal Bh5h4,Bh4h3][%mdl 32]} 52. Rxc4 h3 {Precision: Weiß = 27%, Schwarz = 77%.} 0-1

[Event "11th Mumbai Mayors Cup 2018"]
[Site "Mumbai"]
[Date "2018.06.06"]
[Round "5"]
[White "Rathnakaran, K."]
[Black "Meftahi, Houssem"]
[Result "1-0"]
[WhiteElo "2385"]
[BlackElo "2138"]
[Annotator "TA"]
[PlyCount "57"]
[EventDate "2018.??.??"]
[EventType "swiss"]
[EventCountry "IND"]
[SourceTitle "playchess.com"]
[Source "ChessBase"]
[SourceQuality "1"]

{[%evp 16,57,69,64,54,58,58,57,177,172,164,137,135,125,184,187,181,129,154,143,213,164,167,138,218,214,220,219,216,213,200,195,268,256,363,359,489,489,470,471,550,551,549,475]} 1. e4 c5 2. Nf3 Nc6 3. Bb5 e6 4. O-O Nge7 5. Re1 a6 6. Bf1 d5 7. d3 dxe4 {B30: Sicilian: 2...Nc6 3 Bb5, lines without ...g6} (7... d4 8. e5 Nd5 9. c4 dxc3 10. bxc3 Be7 11. c4 Nb6 12. Nc3 O-O 13. Ne4 Nd7 14. Bf4 b6 15. g3 {1-0 (52) Grischuk,A (2772)-Bocharov,D (2583) Riadh 2017}) 8. dxe4 Qxd1 9. Rxd1 {LiveBook: 3 Games} Ng6 {White is slightly better.} 10. Be3 $146 ({Predecessor:} 10. a4 Be7 11. Na3 Nge5 12. Nd2 g5 13. Ndc4 Bd7 14. Be3 f6 15. Nd6+ Bxd6 16. Rxd6 {1-0 (23) Degraeve,J (2555)-Bedouin,X (2336) Montpellier 2015}) 10... Be7 11. Nbd2 Nf8 (11... Nce5 $14) 12. Nc4 $18 Nd7 13. a4 b6 14. Bf4 Ra7 (14... O-O $16 15. Bc7 Bd8) 15. Nd6+ Bxd6 16. Bxd6 ({White should try} 16. Rxd6 $18 Ncb8 17. Rad1) 16... Nf6 17. Nd2 Rd7 (17... e5 $16 18. a5 Nxa5 19. Bxc5 (19. Bxe5 O-O $16) 19... bxc5) 18. e5 Nd5 19. Nc4 Nd4 (19... Nce7 $16 20. a5 b5) 20. a5 b5 21. Bxc5 {aiming for Nd6+.} Nxc2 22. Rac1 bxc4 23. Rxc2 c3 (23... Rc7 $142) 24. bxc3 {[%cal Bb2c3,Bc3c4][%mdl 32]} Rc7 (24... f6 $142 25. c4 Ne7) 25. Bd6 Rc6 26. c4 {White is clearly winning.} Ne7 27. g4 h5 28. Bg2 Bd7 29. Rcd2 {Precision: White = 91%, Black = 41%.} 1-0

[Event "11th Mumbai Mayors Cup 2018"]
[Site "Mumbai"]
[Date "2018.06.06"]
[Round "5"]
[White "Siva, Mahadevan"]
[Black "Sandipan, Chanda"]
[Result "1/2-1/2"]
[WhiteElo "2346"]
[BlackElo "2571"]
[Annotator "TA"]
[PlyCount "61"]
[EventDate "2018.??.??"]
[EventType "swiss"]
[EventCountry "IND"]
[SourceTitle "playchess.com"]
[Source "ChessBase"]
[SourceQuality "1"]

{[%evp 20,61,-48,-65,-62,-66,-25,-32,-26,-48,0,0,0,0,0,0,0,0,0,0,-33,-18,-20,-155,-34,-28,-28,-26,77,0,0,0,0,0,0,0,0,0,0,0,0,0,0,0]} 1. e4 c5 2. Nf3 d6 3. d4 cxd4 4. Nxd4 Nf6 5. Nc3 a6 6. Bg5 e6 7. f4 Qb6 8. Qd2 Qxb2 9. Rb1 Qa3 10. e5 h6 11. Bh4 dxe5 {B97: Sicilian Najdorf: Poisoned Pawn} 12. fxe5 g5 13. Bf2 (13. exf6 gxh4 14. Be2 Qa5 15. O-O Nd7 16. Kh1 Qg5 17. Qe1 Nxf6 18. Nf3 Qg7 19. Ne5 {½-½ (35) Radjabov,T (2748)-Wojtaszek,R (2744) Shamkir 2018}) 13... Ng4 {Black is slightly better.} 14. Bg3 Nd7 15. Be2 Ngxe5 16. O-O Bg7 $1 17. Nxe6 $1 fxe6 18. Ne4 $1 $36 {[%mdl 2048] White has some pressure.} Rf8 ({Much weaker is} 18... Qxa2 $6 19. Nd6+ Kd8 20. Bxe5 $14) 19. c4 Rxf1+ 20. Rxf1 b6 $146 21. h4 (21. Kh1 $11) 21... Bb7 (21... Kd8 $17 {aiming for ...Bb7.} 22. Rd1 Qe7 23. hxg5 hxg5) 22. Nd6+ $15 Ke7 $1 23. Nxb7 {Strongly threatening c5.} Rf8 {[#]} (23... Nxc4 $11 {keeps the balance.} 24. Qe1 (24. Bxc4 Qxg3 25. Rd1 Nf8 $15) 24... Bd4+ 25. Kh2 Nce5) 24. Rxf8 (24. Bf2 $1 $16 {[%cal Rf2c5] Hoping for Bc5+!} Rf4 {[#]} 25. c5 $1 {[%mdl 512]}) 24... Kxf8 $11 {The position is equal.} 25. Bxe5 Bxe5 26. Qxd7 {And now Nd8 would win.} Qe3+ 27. Kf1 {Black must now prevent Qd3.} Bd4 {[%csl Gd4][%cal Re3g1]} 28. Qd8+ Kg7 {[%csl Gd4][%cal Re3g1]} 29. Qe7+ Kg8 {[%csl Gd4][%cal Re3g1]} 30. Qe8+ Kg7 {[%csl Gd4][%cal Re3g1]} 31. Qe7+ 1/2-1/2

[Event "11th Mumbai Mayors Cup 2018"]
[Site "Mumbai"]
[Date "2018.06.06"]
[Round "5"]
[White "Neelash Saha"]
[Black "Tukhaev, Adam"]
[Result "1/2-1/2"]
[WhiteElo "2333"]
[BlackElo "2557"]
[Annotator "TA"]
[PlyCount "65"]
[EventDate "2018.??.??"]
[EventType "swiss"]
[EventCountry "IND"]
[SourceTitle "playchess.com"]
[Source "ChessBase"]
[SourceQuality "1"]

{[%evp 18,65,50,1,4,4,4,6,11,7,15,15,29,31,43,53,40,37,43,39,55,33,46,60,47,35,42,0,0,0,0,0,0,-1,-2,-4,-4,-6,6,0,0,0,0,0,0,0,0,0,0,0]} 1. d4 g6 2. c4 Nf6 3. Nc3 Bg7 4. e4 O-O 5. Be3 d6 6. h3 c5 7. d5 {E71: King's Indian: 4 e4 d6 5 h3} (7. Nf3 cxd4 8. Nxd4 b6 9. g3 Bb7 10. Bg2 Nbd7 11. O-O Rb8 12. Qc2 a6 13. Rad1 e6 14. Rfe1 Qe7 15. Qd2 Rfc8 16. b3 {½-½ (66) Bluebaum,M (2640)-Amin,B (2693) Wijk aan Zee 2018}) 7... e6 8. Nf3 exd5 9. exd5 Re8 10. Be2 {LiveBook: 4 Games} Ne4 11. Nxe4 Rxe4 12. Qc2 Re8 13. O-O Na6 14. a3 Nc7 $146 15. Rad1 Bf5 16. Bd3 Bxd3 17. Qxd3 b6 18. b4 Na6 19. Bd2 Qd7 20. b5 Nc7 21. Bc3 Qf5 22. Bxg7 Qxd3 {The position is equal.} 23. Rxd3 {[#] Black must now prevent Bh6.} Kxg7 24. Re1 Rxe1+ 25. Nxe1 $11 {[%mdl 4096] Endgame KRN-KRN} a6 26. bxa6 Rxa6 27. Rb3 Kf6 28. Nc2 Ke7 29. Ne3 Ne8 30. Nd1 Ra4 31. Nb2 Ra6 32. Nd1 Ra4 33. Nb2 {Precision: White = 65%, Black = 57%.} 1/2-1/2

[Event "11th Mumbai Mayors Cup 2018"]
[Site "Mumbai"]
[Date "2018.06.06"]
[Round "5"]
[White "Raja Rithvik R"]
[Black "Neverov, Valeriy"]
[Result "1-0"]
[WhiteElo "2296"]
[BlackElo "2492"]
[Annotator "TA"]
[PlyCount "151"]
[EventDate "2018.??.??"]
[EventType "swiss"]
[EventCountry "IND"]
[SourceTitle "playchess.com"]
[Source "ChessBase"]
[SourceQuality "1"]

{[%evp 16,151,26,20,52,52,60,59,75,62,62,60,102,102,112,47,41,27,70,60,72,68,96,96,96,95,148,148,194,154,154,154,153,153,153,151,153,153,153,149,157,114,113,118,140,130,129,0,53,0,129,130,144,136,326,308,329,109,246,129,129,129,275,264,274,275,400,400,400,400,399,272,424,207,833,818,631,416,265,129,129,129,129,129,129,129,129,129,129,101,101,101,121,85,83,75,75,75,75,75,75,75,75,75,116,117,380,406,366,345,302,98,98,98,98,98,101,98,98,98,98,98,117,117,117,117,117,117,117,117,479,460,29978,29979,29982,29983,29981,29980]} 1. Nf3 d6 2. d4 f5 3. g3 Nf6 4. Bg2 g6 5. O-O Bg7 6. b3 O-O 7. Bb2 c6 8. c4 Na6 9. Nc3 {LiveBook: 229 Games} Ne4 {A88: Dutch Defence: Leningrad System: 5 Nf3 0-0 6 0-0 d6 7 Nc3 c6} (9... Qc7 10. d5 e5 11. dxe6 Bxe6 12. Nd4 Bd7 13. Qc2 f4 14. Rad1 fxg3 15. hxg3 Rae8 16. Nf3 Nc5 17. b4 Bf5 18. Qd2 Nce4 19. Nxe4 Nxe4 {½-½ (40) Romanov,E (2626)-Fedoseev,V (2718) St Petersburg 2017}) 10. Qc2 Nb4 11. Qb1 Nxc3 $146 {White is slightly better.} ({Predecessor:} 11... d5 12. a3 Na6 13. cxd5 cxd5 14. Qd3 Be6 15. Rac1 Rc8 16. e3 Qb6 {½-½ (40) Sorokin,M (2550)-Vasiukov,E (2515) Elista 1995}) 12. Bxc3 a5 13. Qb2 Bd7 14. Qd2 b6 15. Bxb4 ({White should play} 15. Rfe1 $16) 15... axb4 $14 16. Qxb4 Qc7 17. a4 h6 18. Rad1 g5 19. d5 c5 20. Qd2 Bf6 (20... f4 $142) 21. h4 $1 $16 {[%cal Rh4g5]} f4 22. hxg5 hxg5 23. gxf4 gxf4 24. Qxf4 {aiming for Ng5.} Rf7 25. Ng5 Rg7 26. Ne6 $1 {[%cal Re6c7]} Bxe6 27. dxe6 Rf8 28. Rd3 {Hoping for Rh3.} Be5 29. Qe4 Rf4 30. Qa8+ Rf8 31. Qe4 (31. Qd5 $1 $16) 31... Rf4 $14 32. Qa8+ ({White should try} 32. Qd5 $1 $14) 32... Rf8 $16 {[#]} 33. Qd5 $1 Rf5 {[#]} 34. Kh1 $1 Qc8 $2 (34... Rh5+ $16 {was worth a try.} 35. Rh3 Rxh3+ 36. Bxh3 Qc8) 35. Rh3 $18 Qf8 36. Qa8 $2 (36. Be4 $18 {and White stays clearly on top.} Rf4 37. Rg1 Rxg1+ 38. Kxg1 Rg4+ 39. Kf1) 36... Rgg5 (36... Qxa8 $16 37. Bxa8 Bf4) 37. Qxf8+ ({Only move:} 37. Qe4 $18) 37... Kxf8 $16 38. e3 Rg8 (38... Rh5 $16 39. f4 Bc3) 39. f4 $18 Bb2 40. Rf2 Bc1 (40... Bc3 {was called for.} 41. Rc2 Ba5) 41. Rc2 Ba3 42. Be4 Rf6 43. Rch2 Ke8 (43... Bb4 {keeps fighting.} 44. Bh7 Rg4) 44. Rh8 (44. Bh7 $142 Rg7 45. f5) 44... Rff8 $2 (44... Kf8 45. Rxg8+ Kxg8) 45. Rxg8 Rxg8 {[%mdl 4096] Endgame KRB-KRB} 46. Bg6+ Kd8 47. Bf7 (47. f5 $18 {is the precise move to win.}) 47... Rf8 $16 48. Kg2 Bb2 49. Kf3 Bf6 50. Ke4 Rh8 51. Ra2 Kc7 52. a5 bxa5 53. Rxa5 Rh2 54. Kf5 Rh3 55. e4 Rxb3 56. e5 dxe5 57. fxe5 Bh4 58. Rxc5+ Kb6 59. Rc8 Kb7 60. Rd8 Rc3 $2 {[%mdl 8192]} (60... Rg3 $16 61. Rh8 Bg5) 61. Rd4 $18 Rh3 62. Kg4 Rh2 63. Be8 $2 (63. Rd8 $18) 63... Kb6 $16 64. Rd5 {Threatens to win with c5+.} Bf2 65. Rb5+ Kc7 66. c5 {[%cal Bc4c5,Bc5c6][%mdl 32]} Rh8 67. Bd7 Ra8 68. Kf5 Bg1 69. Kg6 {Kf7 is the strong threat.} Rf8 70. c6 {Threatening mate with Rb7+.} Bb6 71. Rb3 Rf2 72. Rh3 {Black must now prevent Rh8.} Re2 $2 {[%mdl 8192]} (72... Bd4 $16) 73. Kf7 $18 Bc5 (73... Bd4 $18 74. Kxe7 Rf2) 74. Rb3 {White mates.} Rf2+ 75. Ke8 {[%csl Gc6][%cal Rb3b7]} Bb6 76. Rb5 {Precision: White = 63%, Black = 35%.} 1-0

[Event "11th Mumbai Mayors Cup 2018"]
[Site "Mumbai"]
[Date "2018.06.06"]
[Round "5"]
[White "Abu Sufian, Shakil"]
[Black "Pruijssers, Roeland"]
[Result "1/2-1/2"]
[WhiteElo "2248"]
[BlackElo "2514"]
[Annotator "TA"]
[PlyCount "101"]
[EventDate "2018.??.??"]
[EventType "swiss"]
[EventCountry "IND"]
[SourceTitle "playchess.com"]
[Source "ChessBase"]
[SourceQuality "1"]

{[%evp 29,101,0,16,-25,-7,-17,-19,-20,-5,-13,0,-6,0,0,0,0,0,0,0,0,0,-106,-102,-110,0,0,0,0,0,0,0,0,9,0,0,0,14,14,14,20,36,14,14,14,16,14,14,14,14,14,35,35,35,35,35,35,35,35,35,35,35,35,35,32,36,0,28,0,0,0,0,0,0,0]} 1. e4 c5 2. Nf3 e6 3. d4 cxd4 4. Nxd4 Nc6 5. Nc3 Qc7 6. Be2 Nf6 7. O-O Be7 8. Be3 O-O 9. f4 Nxd4 10. Bxd4 d6 11. Qe1 e5 12. fxe5 dxe5 13. Qg3 Bc5 14. Bxc5 {B83: Sicilian Scheveningen: 6 Be2, lines without ...a6} Qxc5+ 15. Kh1 Ne8 {LiveBook: 10 Games} 16. Bg4 $146 ({Predecessor:} 16. Nd5 Be6 17. Qxe5 Bxd5 18. Bd3 Nc7 19. exd5 Rae8 20. Qf5 g6 21. Qf2 Qxf2 22. Rxf2 Nxd5 {½-½ (76) Womacka,M (2441)-Nisipeanu,L (2678) Bad Wiessee 2015}) 16... Nc7 17. Bxc8 Raxc8 18. Rad1 Rcd8 19. Rd3 Ne6 20. Rd5 Qb4 21. Rxe5 Qxb2 22. Nd5 $1 {With the idea Rh5.} Qxc2 23. Rh5 {Nf6+ would kill now.} f6 ({Stronger than} 23... Kh8 24. Rxh7+ $1 {[%mdl 512]} Kxh7 25. Qh4+ Kg8 26. Ne7#) 24. Qg4 Rde8 {And now ...Ng5 would win.} 25. Qf5 {[#]} (25. h4 $1 $11 Nd4 26. Rxf6 Qxe4 27. Qxe4 Rxe4 28. Rxf8+ Kxf8 29. Rxh7) 25... h6 $1 $17 26. Qg6 Ng5 ({Better is} 26... Nd4 $17 27. Nxf6+ Rxf6 28. Qxe8+ Kh7) 27. Nxf6+ $1 $11 Rxf6 {[%cal Rf6f1]} 28. Qxe8+ Kh7 {[%cal Rf6f1]} 29. Qb5 $1 a6 30. Qb1 Rf4 31. e5 (31. Qxc2 $2 {gets mated.} Rxf1#) 31... g6 $1 {...Rxf1+ is the strong threat.} 32. Rxg5 (32. Qxc2 $2 {leads to mate.} Rxf1#) 32... Qxb1 33. Rxb1 hxg5 34. Rxb7+ {[%mdl 4096] Endgame KR-KR} Kg8 {[%cal Rf4f1]} 35. Kg1 {Strongly threatening Rb6.} (35. g3 {seems wilder.} Ra4 36. e6 Kf8 37. Rf7+ Ke8 38. Rf6) 35... Ra4 $1 36. e6 {aiming for Rb8+.} Kf8 37. Rf7+ Ke8 38. Rf2 Ke7 39. Re2 Ra5 40. Kf2 Rc5 41. Kg3 a5 42. Kg4 Rd5 43. g3 Rc5 44. a4 Rd5 45. Re4 Rc5 46. Kf3 Rc3+ $1 47. Kg4 Rc5 48. h4 gxh4 {The position is equal.} 49. Kxh4 Rh5+ 50. Kg4 Rf5 51. Re3 {Precision: White = 60%, Black = 67%.} 1/2-1/2

[Event "11th Mumbai Mayors Cup 2018"]
[Site "Mumbai"]
[Date "2018.06.06"]
[Round "5"]
[White "Phadke Sohan"]
[Black "Neelotpal, Das"]
[Result "1/2-1/2"]
[WhiteElo "2222"]
[BlackElo "2447"]
[Annotator "TA"]
[PlyCount "88"]
[EventDate "2018.??.??"]
[EventType "swiss"]
[EventCountry "IND"]
[SourceTitle "playchess.com"]
[Source "ChessBase"]
[SourceQuality "1"]

{[%evp 9,88,23,33,22,24,22,27,9,16,-3,1,-37,-29,-30,-33,-37,-47,-40,-37,-44,-60,-50,-26,-35,-26,-30,-29,-35,-26,-34,-14,-16,-12,-25,-1,-116,-82,-97,-100,-112,-56,-137,-136,-149,-149,-180,-173,-187,-183,-184,-178,-208,-201,-257,-262,-245,-249,-246,-244,-251,-254,-250,-245,-254,-244,-278,-275,-281,-274,-266,-192,-174,-91,-83,-92,-93,-76,-83,-29,-21,-33]} 1. d4 d5 2. Bf4 Nf6 3. e3 c6 4. Bd3 (4. c4 e6 5. Nc3 Bd6 6. Bxd6 Qxd6 7. Nf3 O-O 8. Qc2 Nbd7 9. Rd1 b6 10. Be2 Bb7 11. O-O Qe7 12. e4 dxe4 13. Nxe4 c5 14. Nc3 cxd4 15. Nxd4 {1-0 (46) Kramnik,V (2777)-Dubov,D (2661) Berlin 2015}) 4... Qb6 5. Qc1 g6 6. Nf3 {D00: Damenbauernspiele} Bg7 7. h3 c5 8. c3 {Weiß hat minimalen Vorteil.} Nc6 9. Nbd2 O-O 10. Ne5 $146 ({Vorgänger:} 10. O-O Nd7 11. Be2 e5 12. dxe5 Ndxe5 13. Nxe5 Nxe5 14. Nf3 Nxf3+ 15. Bxf3 Be6 16. Rd1 Rfd8 17. Rd2 Rac8 18. Bg5 {½-½ (19) Schmidt,B (2384)-Gustafsson,J (2436) Germany 1999}) 10... Nd7 {[%cal Rd7e5]} 11. Nxd7 Bxd7 12. Nf3 f6 {zielt auf ...e5 ab.} 13. dxc5 Qxc5 14. e4 dxe4 15. Bxe4 e5 16. Be3 Qc4 17. Bc2 {Und weiter mit Lb3 wäre nett.} Kh8 18. h4 {Droht h5.} Bg4 19. Bd1 Rfd8 20. Nd2 Qe6 $36 {[%mdl 2048] Weiss steht unter Druck.} 21. Bb3 Qe8 22. h5 (22. f3 $11 Be6 23. Bxe6 Qxe6 24. h5) 22... gxh5 23. f3 Bf5 24. Ne4 Rac8 (24... Na5 $17 25. O-O Qg6) 25. Bh6 {[#]} (25. O-O $1 $15) 25... Nb4 $1 $17 {[%mdl 512]} 26. Bxg7+ (26. cxb4 Rxc1+) 26... Kxg7 27. O-O Nd3 28. Qc2 Qg6 29. Rad1 Nf4 30. Kh2 h4 {Weiss muss nun ...Lxe4 beachten.} 31. Qf2 {beabsichtigt Sd6.} Bxe4 32. fxe4 Qxe4 33. Bc2 Qe2 $1 34. Qxe2 Nxe2 35. Bf5 Rb8 {Droht ...Sg3 und aus.} 36. Bd7 b6 37. Rfe1 Nf4 38. Rd2 Rb7 39. Red1 e4 40. Rd4 {[#]} Nd3 (40... e3 $1 $19 41. Bb5 Rxd4 42. Rxd4 e2) 41. Bc6 Rxd4 42. Bxb7 {[#]} Ra4 $1 {[#] Droht stark ...f5.} 43. Bxe4 $1 {[%mdl 512]} Rxe4 (43... Ne5 $17 44. Bb1 Rf4) 44. Rxd3 $11 Re2 {Precision: Weiß = 54%, Schwarz = 68%.} 1/2-1/2

[Event "11th Mumbai Mayors Cup 2018"]
[Site "Mumbai"]
[Date "2018.06.06"]
[Round "5"]
[White "Manigandan, S S"]
[Black "Khusenkhojaev, Muhammad"]
[Result "1/2-1/2"]
[WhiteElo "2216"]
[BlackElo "2445"]
[Annotator "TA"]
[PlyCount "86"]
[EventDate "2018.??.??"]
[EventType "swiss"]
[EventCountry "IND"]
[SourceTitle "playchess.com"]
[Source "ChessBase"]
[SourceQuality "1"]

{[%evp 20,86,1,1,14,1,17,0,12,-25,33,-27,34,0,0,0,0,0,10,9,17,12,86,20,10,8,9,0,0,0,0,0,0,0,0,0,0,0,0,0,0,0,0,0,0,0,0,0,0,0,0,0,0,0,0,0,0,0,0,0,0,0,0,0,0,0,0,0,0]} 1. d4 d5 2. Nf3 Nf6 3. c4 dxc4 4. e3 e6 5. Bxc4 c5 6. Nc3 a6 7. a4 Be7 8. O-O Nc6 9. Qe2 O-O 10. Rd1 Qc7 11. Bd2 {LiveBook: 31 Partien} Bd7 {D27: Angenommenes Damengambit (Hauptvariante 7.e4, 7.a4)} (11... Rd8 12. Be1 Bd6 13. h3 Qe7 14. dxc5 Bxc5 15. e4 Nd7 16. e5 b6 17. Ne4 Bb7 18. Bc3 Nb4 19. Nd6 Bd5 20. Bxb4 Bxf3 21. gxf3 Bxb4 {0-1 (82) Venkatesh,M (2445)-Nabaty,T (2622) Pardubice 2016}) 12. Rac1 Rad8 13. Be1 $146 ({Vorgänger:} 13. h3 Bc8 14. Be1 cxd4 15. exd4 Qf4 16. Bd2 Qd6 17. Bg5 Nb4 18. Bh4 Qb6 19. b3 {0-1 (53) Rensen,M (2145)-Bossenbroek,H (1532) IECG email 1999}) 13... Bd6 14. h3 h6 ({Lieber} 14... cxd4 $11 15. exd4 Na5) 15. Ba2 (15. dxc5 $14 Bxc5 16. Bd3) 15... Qb6 (15... cxd4 $11 16. exd4 Qb6) 16. Bb1 cxd4 17. Nxd4 Nxd4 18. Rxd4 Bc6 19. Ne4 Nxe4 20. Bxe4 Be7 (20... Bxe4 $11 {hält das Gleichgewicht.} 21. Rxe4 Rd7) 21. Rxd8 (21. a5 $16 Qb5 22. Qxb5 Bxb5 23. Rxd8 Rxd8 24. Bxb7) 21... Rxd8 $11 {Die Stellung ist ausgeglichen.} 22. Bxc6 bxc6 23. b4 Bxb4 24. Bxb4 Qxb4 25. Qxa6 {[%mdl 4096] Endspiel KDT-KDT} c5 26. Qb5 Ra8 27. Rxc5 Qxa4 28. Rc8+ Kh7 29. Qd3+ f5 30. Rxa8 Qxa8 {KD-KD} 31. Qd4 Qa5 32. Kh2 Qc7+ 33. g3 Qc6 34. Qe5 Kg6 35. Kg1 Kf7 36. h4 Kg6 37. Kh2 Qd7 38. Kg2 Qc6+ 39. Kh2 Kf7 40. Kg1 Qc1+ 41. Kg2 Qc6+ 42. Kg1 Qc1+ 43. Kg2 Qc6+ {Precision: Weiß = 49%, Schwarz = 47%.} 1/2-1/2

[Event "11th Mumbai Mayors Cup 2018"]
[Site "Mumbai"]
[Date "2018.06.06"]
[Round "5"]
[White "Chitlange Sakshi"]
[Black "Manik, Mikulas"]
[Result "0-1"]
[WhiteElo "2163"]
[BlackElo "2399"]
[Annotator "NA RC"]
[PlyCount "90"]
[EventDate "2018.??.??"]
[EventType "swiss"]
[EventCountry "IND"]
[SourceTitle "playchess.com"]
[Source "ChessBase"]
[SourceQuality "1"]
[TimeControl "5400+30"]

1. d4 {[%emt 0:00:00]} Nf6 {[%emt 0:00:03]} 2. c4 {[%emt 0:00:00]} g6 {[%emt 0:00:05]} 3. Nf3 {[%emt 0:00:00]} Bg7 {[%emt 0:00:05]} 4. g3 {[%emt 0:00:00]} O-O {[%emt 0:00:05]} 5. Bg2 {[%emt 0:00:00]} d6 {[%emt 0:00:06]} 6. Nc3 {[%emt 0:00:42]} Nbd7 {[%emt 0:00:02]} 7. O-O {[%emt 0:00:18]} e5 {[%emt 0:00:04]} 8. e4 {[%emt 0:00:24]} exd4 {[%emt 0:00:27]} 9. Nxd4 {[%emt 0:00:08]} Re8 {[%emt 0:00:04]} 10. Re1 {[%emt 0:00:58]} Ng4 {[%emt 0:07:10]} 11. h3 {[%emt 0:15:24] E68: King's Indian: Fianchetto: 6...Nbd7 7 0-0 e5 8 e4} Qf6 {[%emt 0:05:11]} (11... Nge5 12. b3 Nc5 13. Be3 c6 14. Qc2 Ned3 15. Red1 Nb4 16. Qe2 a5 17. a3 Nba6 18. Qc2 Qe7 19. Rab1 f5 20. b4 axb4 21. axb4 Nxe4 22. Nxe4 fxe4 {½-½ (40) Lenic,L (2624)-Naiditsch,A (2657) Bled 2016}) 12. Nf3 $146 {[%emt 0:07:24]} ({Predecessor:} 12. hxg4 Qxd4 13. Qxd4 Bxd4 14. Nd5 Bb6 15. g5 c6 16. Nxb6 axb6 17. b3 Nc5 18. Be3 Bg4 {1-0 (31) Cacho Reigadas,S (2425)-Andreev,E (2330) Rotterdam 1998}) 12... Nge5 {[%emt 0:01:27]} 13. Nd5 {[%emt 0:09:48]} Qd8 {[%emt 0:03:01]} 14. Nxe5 {[%emt 0:05:59]} dxe5 15. Be3 c6 {[%emt 0:01:41]} 16. Nc3 {[%emt 0:01:25]} Qe7 {[%emt 0:00:22]} 17. Qc2 {[%emt 0:01:41]} Nc5 {[%emt 0:04:43]} 18. Rad1 {[%emt 0:05:20]} h5 {[%emt 0:04:00]} 19. h4 {[%emt 0:07:07]} Kh7 {[%emt 0:05:14]} 20. Na4 {[%emt 0:10:05]} Ne6 {[%emt 0:01:31]} 21. Qc1 {[%emt 0:00:43]} Nd4 {[%emt 0:01:37]} 22. Bxd4 {[%emt 0:01:09]} exd4 {[%emt 0:01:12]} 23. c5 {[%emt 0:00:24]} Bg4 {[%emt 0:04:03]} 24. Rd3 {[%emt 0:00:39]} b5 {[%emt 0:04:09]} 25. cxb6 {[%emt 0:01:35]} axb6 {[%emt 0:00:16]} 26. Nxb6 {[%emt 0:00:35]} Rxa2 {[%emt 0:00:22]} 27. Qxc6 {[%emt 0:02:05]} Rxb2 {[%emt 0:10:26]} 28. Nd5 {[%emt 0:01:12]} Qe6 {[%emt 0:01:50]} 29. Qxe6 {[%emt 0:09:05]} fxe6 {[%emt 0:01:37]} 30. f3 {[%emt 0:05:35]} Bxf3 $15 {[%emt 0:10:55]} ({Besser ist} 30... exd5 $17 31. fxg4 hxg4) 31. Bxf3 {[%emt 0:05:58]} exd5 {[%emt 0:00:41]} 32. e5 {[%emt 0:00:29]} Bxe5 {[%emt 0:02:55]} 33. Bxd5 {[%emt 0:00:24]} Rc8 {[%emt 0:00:53]} 34. Rf3 {[%emt 0:05:23]} Bg7 {[%emt 0:01:27]} 35. Rd1 {[%emt 0:02:36]} Rc3 {[%emt 0:07:03]} 36. Rdd3 {[%emt 0:01:12]} Rc5 {[%emt 0:01:13]} 37. Bf7 {[%emt 0:01:02]} Bh6 {[%emt 0:00:52]} 38. Rd1 {[%emt 0:01:12]} Be3+ {[%emt 0:01:47]} 39. Kf1 {[%emt 0:00:04]} Rh2 {[%emt 0:01:02]} 40. Bb3 {[%emt 0:00:35]} Rc3 {[%emt 0:02:28]} 41. Ba4 {[%emt 0:00:29]} Ra3 {[%emt 0:01:34]} 42. Rxd4 {[%emt 0:00:39]} Raa2 {[%emt 0:00:10]} 43. Rd7+ {[%emt 0:01:01]} Kh6 {[%emt 0:00:05]} 44. Ke1 {[%emt 0:00:37]} Rh1+ {[%emt 0:00:05]} 45. Rf1 {[%emt 0:00:04]} Bf2+ {[%emt 0:00:03]} 0-1